000 00230nam a22000857a 4500
008 160701b xxu||||| |||| 00| 0 eng d
100 _91642
_aGupta, R.G
245 _aPrimary School Composite Mathematics
260 _aNew Delhi
_bArya
_c2005
999 _c1362
_d1362